[Event "SRB-chT3 North CS"]
[Site "Serbia"]
[Date "2012.09.21"]
[Round "1.3"]
[White "Sreckovic, Predrag"]
[Black "Lukic, Predrag"]
[Result "0-1"]
[WhiteElo "2107"]
[BlackElo "2190"]
[PlyCount "120"]
[EventDate "2012.09.21"]
[EventType "team"]
[EventRounds "10"]
[EventCountry "SRB"]
[SourceTitle "EXT 2015"]
[Source "ChessBase"]
[SourceDate "2014.11.20"]
[SourceVersion "1"]
[SourceVersionDate "2014.11.20"]
[SourceQuality "1"]

1. e4 c5 2. Nf3 e6 3. d4 cxd4 4. Nxd4 Nf6 5. Bd3 Nc6 6. Nxc6 bxc6 7. c4 d5 8. cxd5 cxd5 9. exd5 Bb4+ 10. Bd2 Bxd2+ 11. Qxd2 Nxd5 12. Bb5+ Bd7 13. Bxd7+ Qxd7 14. 0-0 0-0 15. Nc3 Rfd8 16. Rfd1 Qb7 17. Ne4 h6 18. a3 a5 19. Rac1 Qb6 20. Qe2 Rab8 21. Qe1 Qxb2 22. Qxa5 Ra8 23. Qe1 Qxa3 24. Ra1 Qb3 25. h3 Nf4 26. Rxa8 Rxa8 27. Rd7 Qb2 28. Qe3 Ne2+ 29. Kh2 Ra3 30. Qc5 Qb1 31. f3 Ra1 32. Ng3 Nxg3 33. Kxg3 Qe1+ 34. Kh2 Rc1 35. Qd6 h5 36. Qd2 Qh1+ 37. Kg3 Rc5 38. h4 Rf5 39. Qd1 Qxd1 40. Rxd1 Kf8 41. Rd7 g6 42. Ra7 Kg7 43. f4 Rb5 44. Kh3 Kf6 45. g3 Rb1 46. Rc7 Rb8 47. Ra7 Rf8 48. Ra5 Re8 49. Ra6 Re7 50. Rb6 Rd7 51. Ra6 Kf5 52. Ra8 Rd1 53. Rf8 f6 54. Rf7 Rh1+ 55. Kg2 Re1 56. Kh3 Ke4 57. Rxf6 Kf3 58. Kh2 Re2+ 59. Kh3 Kf2 60. Rxg6 Kg1 0-1